<?xml version="1.0" encoding="UTF-8"?>
<record
    xmlns:xsi="http://www.w3.org/2001/XMLSchema-instance"
    xsi:schemaLocation="http://www.loc.gov/MARC21/slim http://www.loc.gov/standards/marcxml/schema/MARC21slim.xsd"
    xmlns="http://www.loc.gov/MARC21/slim">

  <leader>01594nam a22003977a 4500</leader>
  <controlfield tag="001">BRCA_9351</controlfield>
  <controlfield tag="003">FranzMayer</controlfield>
  <controlfield tag="005">20230918121937.0</controlfield>
  <controlfield tag="008">230828b        |||||||| |||| 00| 0 eng d</controlfield>
  <datafield tag="020" ind1=" " ind2=" ">
    <subfield code="a">8798810308</subfield>
  </datafield>
  <datafield tag="040" ind1=" " ind2=" ">
    <subfield code="a">MFM</subfield>
    <subfield code="b">espa&#xF1;ol</subfield>
    <subfield code="c">MFM</subfield>
  </datafield>
  <datafield tag="050" ind1=" " ind2="0">
    <subfield code="a">NK5100.E853</subfield>
    <subfield code="b">G53 2000</subfield>
  </datafield>
  <datafield tag="110" ind1="1" ind2=" ">
    <subfield code="4">Responsable</subfield>
    <subfield code="a">Glass Without Boundaries</subfield>
    <subfield code="9">29277</subfield>
  </datafield>
  <datafield tag="240" ind1=" " ind2=" ">
    <subfield code="a">Nordic Glass 2000</subfield>
    <subfield code="l">Danes, Sueco, Noruego, Let&#xF3;n e Ingl&#xE9;s</subfield>
  </datafield>
  <datafield tag="245" ind1="0" ind2=" ">
    <subfield code="a">Nordic Glass 2000</subfield>
  </datafield>
  <datafield tag="260" ind1=" " ind2=" ">
    <subfield code="a">Noruega</subfield>
    <subfield code="b">Glass Without Boundaries </subfield>
    <subfield code="c">2000</subfield>
  </datafield>
  <datafield tag="300" ind1=" " ind2=" ">
    <subfield code="a">274 p</subfield>
    <subfield code="b">Ilustraciones a color</subfield>
    <subfield code="c">26 cm</subfield>
  </datafield>
  <datafield tag="500" ind1=" " ind2=" ">
    <subfield code="a">Anexo 1</subfield>
  </datafield>
  <datafield tag="500" ind1=" " ind2=" ">
    <subfield code="a">Libro en tapa dura, sin ninguna cubierta exterior</subfield>
  </datafield>
  <datafield tag="505" ind1=" " ind2=" ">
    <subfield code="a">Texto en: Danes, Sueco, Noruego, Let&#xF3;n e Ingl&#xE9;sIncluye &#xED;ndice tem&#xE1;tico Incluye biograf&#xED;a de las obras seleccionadasDirigido a: artistas y dise&#xF1;adores</subfield>
  </datafield>
  <datafield tag="650" ind1="1" ind2=" ">
    <subfield code="2">Artes decorativas y aplicativas</subfield>
    <subfield code="a">Artes ornamentales </subfield>
    <subfield code="v">Vidrio</subfield>
    <subfield code="9">29278</subfield>
  </datafield>
  <datafield tag="651" ind1=" " ind2=" ">
    <subfield code="2">Europa</subfield>
    <subfield code="a">Europa Septentrional </subfield>
    <subfield code="v">Pa&#xED;ses n&#xF3;rdicos </subfield>
    <subfield code="9">29279</subfield>
  </datafield>
  <datafield tag="700" ind1="1" ind2=" ">
    <subfield code="4">Artista </subfield>
    <subfield code="a">Saare, Mare</subfield>
    <subfield code="9">29280</subfield>
  </datafield>
  <datafield tag="700" ind1="1" ind2=" ">
    <subfield code="4">Artista </subfield>
    <subfield code="a">Koha, Eve</subfield>
    <subfield code="9">29281</subfield>
  </datafield>
  <datafield tag="700" ind1="1" ind2=" ">
    <subfield code="4">Artista </subfield>
    <subfield code="a">Schroderus, Anna</subfield>
    <subfield code="9">29282</subfield>
  </datafield>
  <datafield tag="700" ind1="1" ind2=" ">
    <subfield code="4">Artista </subfield>
    <subfield code="a">Ik&#xE4;valko, Liisa</subfield>
    <subfield code="9">29283</subfield>
  </datafield>
  <datafield tag="700" ind1="1" ind2=" ">
    <subfield code="4">Artista </subfield>
    <subfield code="a">Kek&#xE4;l&#xE4;inen, P&#xE4;ivi</subfield>
    <subfield code="9">29284</subfield>
  </datafield>
  <datafield tag="700" ind1="1" ind2=" ">
    <subfield code="4">Artista </subfield>
    <subfield code="a">Audere, Inguna</subfield>
    <subfield code="9">29285</subfield>
  </datafield>
  <datafield tag="700" ind1="1" ind2=" ">
    <subfield code="4">Artista </subfield>
    <subfield code="a">Martinsone, Ilze</subfield>
    <subfield code="9">29286</subfield>
  </datafield>
  <datafield tag="700" ind1="1" ind2=" ">
    <subfield code="4">Artista </subfield>
    <subfield code="a">Dudina, Ilze</subfield>
    <subfield code="9">29287</subfield>
  </datafield>
  <datafield tag="700" ind1="1" ind2=" ">
    <subfield code="4">Artista </subfield>
    <subfield code="a">Kogelyt&#xE9;. Raimonda</subfield>
    <subfield code="9">29288</subfield>
  </datafield>
  <datafield tag="700" ind1="1" ind2=" ">
    <subfield code="4">Artista </subfield>
    <subfield code="a">Komkaite, Egle</subfield>
    <subfield code="9">29289</subfield>
  </datafield>
  <datafield tag="700" ind1="1" ind2=" ">
    <subfield code="4">Artista </subfield>
    <subfield code="a">Ulleberg, Kari</subfield>
    <subfield code="9">29290</subfield>
  </datafield>
  <datafield tag="700" ind1="1" ind2=" ">
    <subfield code="4">Artista </subfield>
    <subfield code="a">Gaustad, Randi</subfield>
    <subfield code="9">29291</subfield>
  </datafield>
  <datafield tag="942" ind1=" " ind2=" ">
    <subfield code="2">lcc</subfield>
    <subfield code="c">B</subfield>
  </datafield>
  <datafield tag="999" ind1=" " ind2=" ">
    <subfield code="c">10973</subfield>
    <subfield code="d">10973</subfield>
  </datafield>
  <datafield tag="952" ind1=" " ind2=" ">
    <subfield code="0">0</subfield>
    <subfield code="1">0</subfield>
    <subfield code="2">lcc</subfield>
    <subfield code="4">0</subfield>
    <subfield code="7">0</subfield>
    <subfield code="8">FCON</subfield>
    <subfield code="a">BRCA</subfield>
    <subfield code="b">BRCA</subfield>
    <subfield code="d">2023-08-28</subfield>
    <subfield code="l">0</subfield>
    <subfield code="o">NK5100.E853 G53 2000</subfield>
    <subfield code="p">CONT10109</subfield>
    <subfield code="r">2023-08-28 00:00:00</subfield>
    <subfield code="w">2023-08-28</subfield>
    <subfield code="y">B</subfield>
  </datafield>
</record>
